00000000cam 2200000zi 4500
0019.962713
003CaOODSP
00520260512074732
006m     o  d f      
007cr mn|||||||||
008260512e198403##onc     ob   f000 0 eng d
040 |aCaOODSP|beng|erda|cCaOODSP
043 |an-cn---
0861 |aJS4-1/1984-16E-PDF
1001 |aWormith, J. S., |eauthor.
24510|aCross-validation of the MMPI-based offender typology with a Canadian psychiatric incarcerate sample / |cJ. S. Wormith, Mark Borzecki, Walter H. Black.
264 1|a[Ottawa] : |bMinistry of the Solicitor General of Canada, Secretariat, Research Division, Programs Branch, |cMarch, 1984.
300 |a1 online resource (78 pages).
336 |atext|btxt|2rdacontent
337 |acomputer|bc|2rdamedia
338 |aonline resource|bcr|2rdacarrier
4901 |aPrograms Branch user report ; |vno. 1984-16
500 |aDigitized edition from print [produced by Public Safety Canada].
500 |aIssued also in French under title: Contrevalidation de la typologie du délinquant fondée sur le MMPI, appliquée â un échantillon de détenus incarcérés souffrant de troubles psychiatriques.
500 |a"This working paper was prepared and is made available as submitted to the Ministry. The views expressed in this report are those of the author and are not necessarily those of the Ministry of the Solicitor General of Canada."
504 |aIncludes bibliographical references (pages 73-78).
5203 |a"A study was undertaken to determine the validity of Megargee and Bohn's MMPI-based offender typology on a sample of 276 Canadian incarcerates referred to maximum-security psychiatric facility. An 87% classification rated achieved"--Abstract.
650 0|aMinnesota Multiphasic Personality Inventory|zCanada.
650 0|aPrisoners|xMental health services|zCanada.
650 0|aPrisoners|zCanada|xClassification.
7101 |aCanada. |bSolicitor General Canada. |bPrograms Branch, |eissuing body.
77508|tContrevalidation de la typologie du délinquant fondée sur le MMPI, appliquée â un échantillon de détenus incarcérés souffrant de troubles psychiatriques / |w(CaOODSP)9.962715
830#0|aUser report (Canada. Solicitor General Canada)|vno. 1984-16.|w(CaOODSP)9.808480
85640|qPDF|s1.85 MB|uhttps://publications.gc.ca/collections/collection_2026/sp-ps/js4-1/JS4-1-1984-16-eng.pdf